000 00782 a2200229 4500
001 53093
005 20260407155804.0
008 260407a1989 arg spa d
003 AR-UNSa-BCEJYS
040 _aAR-UNSa-BCEJYS
_bspa
_cAR-UNSa-BCEJYS
080 _a330.834
_xKeynes y el keynesianismo. Neokeynesianismo. Poskeynesianismo
245 1 0 _aKeynesianismo
020 _a84-281-0641-X
264 1 _aBarcelona :
_bOikos-tau
_c1989
300 _a87 p.
_c17 cm.
505 _a1. Vida y obras - 2. La teorĂ­a general - 3. Las aventuras del Keynesianismo
041 _aspa
942 _cBK
590 _aniveau_biblio:m niveau_hierar:0
100 1 _aVercelli, Alessandro
856 4 1 _uhttps://www.biblioeco.unsa.edu.ar/pmb/images/libros/L128403.jpg
_yImagen de portada
_qimage/jpeg
999 _c5077
_d5077